| 000 | 00577nam a2200181 u 4500 | ||
|---|---|---|---|
| 005 | 20220915063812.0 | ||
| 008 | 161129s2012 mx r 000 0 spa d | ||
| 035 | _aUPN01000215001 | ||
| 049 | _aI | ||
| 050 | 4 |
_aPN3157 _bS2.8 |
|
| 100 | 1 |
_aSánchez Celaya, Patricia _940138 |
|
| 245 | 1 | 0 |
_a1,2,3-- a escena / _cPatricia Sánchez Celaya, María Cristina Valenzuela Sánchez. |
| 260 |
_aMéxico : _bTrillas, _c2012. |
||
| 300 |
_a32 p. : _bil. col. |
||
| 650 | 7 |
_aTeatro escolar infantil _2 _96353 |
|
| 700 | 1 |
_aValenzuela Sánchez, María Cristina, _ecoaut. |
|
| 905 | _aInfantil | ||
| 999 |
_c187101 _d187101 |
||